|
|
|
|
| LEADER |
00695nab a2200169 i 4500 |
| 001 |
delm133080 |
| 005 |
20191203141718.0 |
| 008 |
191203s2004 hu o 0|| hun d |
| 040 |
|
|
|a SZTE Délmagyarország Archívum
|b hun
|
| 041 |
|
|
|a hun
|
| 100 |
1 |
|
|a Hollósi Zsolt
|
| 245 |
1 |
0 |
|a Hevesi Sándor díjat kapott Gregor József operaénekes
|h [elektronikus dokumentum] :
|b Szeged díszpolgára a színházi világnapon vette át a kitüntetést /
|c Hollósi Zsolt
|
| 260 |
|
|
|c 2004-03-29
|
| 300 |
|
|
|a 4
|
| 490 |
0 |
|
|a Délmagyarország
|v 94 No. 74
|
| 695 |
|
|
|a Gregor József 1940-2006, Szeged, Eseménynaptár Szeged 2004. 03., Kitüntetés Hevesi Sándor-díj, Operaénekes Szeged
|
| 700 |
0 |
1 |
|a Gregor József
|e aut
|